<?xml version="1.0" encoding="UTF-8"?>
<record
    xmlns:xsi="http://www.w3.org/2001/XMLSchema-instance"
    xsi:schemaLocation="http://www.loc.gov/MARC21/slim http://www.loc.gov/standards/marcxml/schema/MARC21slim.xsd"
    xmlns="http://www.loc.gov/MARC21/slim">

  <leader>03644nam a2200577 a 4500</leader>
  <controlfield tag="005">20240807102748.0</controlfield>
  <controlfield tag="008">100707s2017||||sp d   f |||| 00| 0 spa d</controlfield>
  <datafield tag="020" ind1=" " ind2=" ">
    <subfield code="a">S/N</subfield>
  </datafield>
  <datafield tag="041" ind1=" " ind2=" ">
    <subfield code="a">spa</subfield>
  </datafield>
  <datafield tag="092" ind1=" " ind2=" ">
    <subfield code="c">616.89</subfield>
    <subfield code="l">10</subfield>
    <subfield code="s">CAR</subfield>
  </datafield>
  <datafield tag="100" ind1="1" ind2=" ">
    <subfield code="a">Carvalho, Andr&#xE9; F.</subfield>
    <subfield code="e">Ed.</subfield>
    <subfield code="9">4177</subfield>
  </datafield>
  <datafield tag="245" ind1=" " ind2=" ">
    <subfield code="a">Tratamiento del trastorno bipolar.</subfield>
    <subfield code="b">Estrategias cl&#xED;nicas integradoras y orientaciones futuras /</subfield>
    <subfield code="c">Andr&#xE9; F. Carvalho</subfield>
  </datafield>
  <datafield tag="250" ind1=" " ind2=" ">
    <subfield code="a">1a ed.</subfield>
    <subfield code="b">Edici&#xF3;n en espa&#xF1;ol por HS Pharma Solutions </subfield>
  </datafield>
  <datafield tag="260" ind1=" " ind2=" ">
    <subfield code="a">New York: </subfield>
    <subfield code="b">Oxford University Press;</subfield>
    <subfield code="c">2017.</subfield>
  </datafield>
  <datafield tag="300" ind1=" " ind2=" ">
    <subfield code="a">473 p.</subfield>
    <subfield code="b">il.</subfield>
  </datafield>
  <datafield tag="500" ind1=" " ind2=" ">
    <subfield code="a">Carvalho, A. F. y Vieta, E. (Eds.). (2017). Tratamiento del trastorno bipolar. Estrategias cl&#xED;nicas integradoras y orientaciones futuras. (1a ed.). New York : Oxford.</subfield>
  </datafield>
  <datafield tag="653" ind1=" " ind2=" ">
    <subfield code="a">Clasificaci&#xF3;n actual de los trastornos bipolares</subfield>
  </datafield>
  <datafield tag="653" ind1="5" ind2=" ">
    <subfield code="a">&#xBF;Los trastornos bipolares deberian modelarse de manera dimensional o categorial?</subfield>
  </datafield>
  <datafield tag="653" ind1="3" ind2=" ">
    <subfield code="a">El tratamiento del trastorno bipolar en sus primeros estadios: t&#xE9;cnicas actuales, desaf&#xED;os y perspectivas futuras</subfield>
  </datafield>
  <datafield tag="653" ind1=" " ind2=" ">
    <subfield code="a">Tratamiento de la mania basado en la evidencia</subfield>
  </datafield>
  <datafield tag="653" ind1=" " ind2=" ">
    <subfield code="a">Tratamiento de los estados mixtos bipolares</subfield>
  </datafield>
  <datafield tag="653" ind1=" " ind2=" ">
    <subfield code="a">Tratamiento del trastorno bipolar en ciclado r&#xE1;pido</subfield>
  </datafield>
  <datafield tag="653" ind1=" " ind2=" ">
    <subfield code="a">Tratamiento basado en la evidencia de la depresi&#xF3;n bipolar</subfield>
  </datafield>
  <datafield tag="653" ind1=" " ind2=" ">
    <subfield code="a">Tratamiento de mantenimiento basado en la evidencia del trastorno bipolar</subfield>
  </datafield>
  <datafield tag="653" ind1=" " ind2=" ">
    <subfield code="a">Tratamiento del trastorno bipolar</subfield>
  </datafield>
  <datafield tag="653" ind1=" " ind2=" ">
    <subfield code="a">Tratamiento de la ciclotimia</subfield>
  </datafield>
  <datafield tag="653" ind1=" " ind2=" ">
    <subfield code="a">Intervenciones psicol&#xF3;gicas en el trastorno bipolar en estadio temprano</subfield>
  </datafield>
  <datafield tag="653" ind1=" " ind2=" ">
    <subfield code="a">Intervenciones psicoterap&#xE9;uticas para el tratamiento bipolar</subfield>
  </datafield>
  <datafield tag="653" ind1="3" ind2=" ">
    <subfield code="a">El papel de la psicoeducaci&#xF3;n en el tratamiento del trastorno bipolar</subfield>
  </datafield>
  <datafield tag="653" ind1=" " ind2=" ">
    <subfield code="a">Terapia de recuperaci&#xF3;n funcional para el trastorno bipolar</subfield>
  </datafield>
  <datafield tag="653" ind1=" " ind2=" ">
    <subfield code="a">Polaridad predominante, polaridad &#xED;ndice y selecci&#xF3;n del tratamiento en el trastorno bipolar</subfield>
  </datafield>
  <datafield tag="653" ind1="3" ind2=" ">
    <subfield code="a">La evaluaci&#xF3;n y el tratamiento del riesgo de suicidio en el trastorno bipolar</subfield>
  </datafield>
  <datafield tag="653" ind1=" " ind2=" ">
    <subfield code="a">Implicancias del tratamiento del trastorno bipolar concurrente con s&#xED;ndromes de ansiedad y abuso de sustancias</subfield>
  </datafield>
  <datafield tag="653" ind1="3" ind2=" ">
    <subfield code="a">El impacto de la comorbilidad psiqui&#xE1;trica en el tratamiento del trastorno bipolar: enfoque en el trastorno por d&#xE9;ficit de atenci&#xF3;n con hiperactividad y trastornos de la alimentaci&#xF3;n concurrentes</subfield>
  </datafield>
  <datafield tag="653" ind1=" " ind2=" ">
    <subfield code="a">Relaciones bidireccionales entre entidades m&#xE9;dicas generales y el trastorno bipolar: consideraciones para el tratamiento</subfield>
  </datafield>
  <datafield tag="653" ind1="3" ind2=" ">
    <subfield code="a">El tratamiento del trastorno bipolar en mujeres</subfield>
  </datafield>
  <datafield tag="653" ind1="3" ind2=" ">
    <subfield code="a">El tratamiento del trastorno bipolar en ni&#xF1;os y adolescentes</subfield>
  </datafield>
  <datafield tag="653" ind1="3" ind2=" ">
    <subfield code="a">El tratamiento del trastorno bipolar en los ancianos</subfield>
  </datafield>
  <datafield tag="653" ind1=" " ind2=" ">
    <subfield code="a">Manejo del trastorno bipolar resistente al tratamiento</subfield>
  </datafield>
  <datafield tag="653" ind1=" " ind2=" ">
    <subfield code="a">Estadificaci&#xF3;n y neuroprogresi&#xF3;n en el trastorno bipolar</subfield>
  </datafield>
  <datafield tag="653" ind1=" " ind2=" ">
    <subfield code="a">Farmacoloterapia del trastorno bipolar: impacto sobre la neurocognici&#xF3;n</subfield>
  </datafield>
  <datafield tag="653" ind1=" " ind2=" ">
    <subfield code="a">Mejor&#xED;a cognitiva en el trastorno bipolar, evidencia actual y consideraciones metodol&#xF3;gicas</subfield>
  </datafield>
  <datafield tag="653" ind1="3" ind2=" ">
    <subfield code="a">El rol de la terapia electroconvulsiva en el tratamiento del trastorno bipolar</subfield>
  </datafield>
  <datafield tag="653" ind1=" " ind2=" ">
    <subfield code="a">Abordajes neuromoduladores para el trastorno bipolar: evidencias actuales y perspectivas futuras</subfield>
  </datafield>
  <datafield tag="653" ind1="3" ind2=" ">
    <subfield code="a">El rol de las terapias complementarias y alternativas para el tratamiento del trastorno bipolar</subfield>
  </datafield>
  <datafield tag="653" ind1=" " ind2=" ">
    <subfield code="a">Nuevos objetivos terap&#xE9;uticos para el trastorno bipolar</subfield>
  </datafield>
  <datafield tag="653" ind1="3" ind2=" ">
    <subfield code="a">El tratamiento del trastorno bipolar en la era de la medicina personalizada: &#xBF;mito o promesa?</subfield>
  </datafield>
  <datafield tag="700" ind1="1" ind2=" ">
    <subfield code="a">Vieta, Eduardo</subfield>
    <subfield code="e">Ed.</subfield>
    <subfield code="9">4178</subfield>
  </datafield>
  <datafield tag="930" ind1=" " ind2=" ">
    <subfield code="a">1235</subfield>
  </datafield>
  <datafield tag="942" ind1=" " ind2=" ">
    <subfield code="2">ddc</subfield>
    <subfield code="c">BK</subfield>
  </datafield>
  <datafield tag="999" ind1=" " ind2=" ">
    <subfield code="c">3186</subfield>
    <subfield code="d">3186</subfield>
  </datafield>
  <datafield tag="952" ind1=" " ind2=" ">
    <subfield code="0">0</subfield>
    <subfield code="1">0</subfield>
    <subfield code="2">ddc</subfield>
    <subfield code="4">0</subfield>
    <subfield code="7">0</subfield>
    <subfield code="a">BFM</subfield>
    <subfield code="b">BFM</subfield>
    <subfield code="c">CR</subfield>
    <subfield code="d">2024-02-20</subfield>
    <subfield code="e">Donaci&#xF3;n Laboratorio Montpellier Octubre 2022</subfield>
    <subfield code="l">0</subfield>
    <subfield code="o">616.89</subfield>
    <subfield code="p">4795</subfield>
    <subfield code="r">2024-02-20</subfield>
    <subfield code="t">Ej. 1</subfield>
    <subfield code="w">2024-02-20</subfield>
    <subfield code="y">BK</subfield>
    <subfield code="z">Donaci&#xF3;n Laboratorio Montpellier Octubre 2022</subfield>
    <subfield code="f"></subfield>
  </datafield>
  <datafield tag="952" ind1=" " ind2=" ">
    <subfield code="0">0</subfield>
    <subfield code="1">0</subfield>
    <subfield code="2">ddc</subfield>
    <subfield code="4">0</subfield>
    <subfield code="7">0</subfield>
    <subfield code="a">BFM</subfield>
    <subfield code="b">BFM</subfield>
    <subfield code="c">CR</subfield>
    <subfield code="d">2024-02-20</subfield>
    <subfield code="e">Donaci&#xF3;n Laboratorio Montpellier Octubre 2022</subfield>
    <subfield code="l">0</subfield>
    <subfield code="o">616.89</subfield>
    <subfield code="p">4796</subfield>
    <subfield code="r">2024-02-20</subfield>
    <subfield code="t">Ej. 2</subfield>
    <subfield code="w">2024-02-20</subfield>
    <subfield code="y">BK</subfield>
    <subfield code="z">Donaci&#xF3;n Laboratorio Montpellier Octubre 2022</subfield>
    <subfield code="f"></subfield>
  </datafield>
  <datafield tag="952" ind1=" " ind2=" ">
    <subfield code="0">0</subfield>
    <subfield code="1">0</subfield>
    <subfield code="2">ddc</subfield>
    <subfield code="4">0</subfield>
    <subfield code="7">0</subfield>
    <subfield code="a">BFM</subfield>
    <subfield code="b">BFM</subfield>
    <subfield code="c">CR</subfield>
    <subfield code="d">2024-02-20</subfield>
    <subfield code="e">Donaci&#xF3;n Laboratorio Montpellier Octubre 2022</subfield>
    <subfield code="l">0</subfield>
    <subfield code="o">616.89</subfield>
    <subfield code="p">4797</subfield>
    <subfield code="r">2024-02-20</subfield>
    <subfield code="t">Ej. 3</subfield>
    <subfield code="w">2024-02-20</subfield>
    <subfield code="y">BK</subfield>
    <subfield code="z">Donaci&#xF3;n Laboratorio Montpellier Octubre 2022</subfield>
    <subfield code="f"></subfield>
  </datafield>
  <datafield tag="952" ind1=" " ind2=" ">
    <subfield code="0">0</subfield>
    <subfield code="1">0</subfield>
    <subfield code="2">ddc</subfield>
    <subfield code="4">0</subfield>
    <subfield code="7">0</subfield>
    <subfield code="a">BFM</subfield>
    <subfield code="b">BFM</subfield>
    <subfield code="c">CR</subfield>
    <subfield code="d">2024-02-20</subfield>
    <subfield code="e">Donaci&#xF3;n Laboratorio Montpellier Octubre 2022</subfield>
    <subfield code="l">0</subfield>
    <subfield code="o">616.89</subfield>
    <subfield code="p">4798</subfield>
    <subfield code="r">2024-02-20</subfield>
    <subfield code="t">Ej. 4</subfield>
    <subfield code="w">2024-02-20</subfield>
    <subfield code="y">BK</subfield>
    <subfield code="z">Donaci&#xF3;n Laboratorio Montpellier Octubre 2022</subfield>
    <subfield code="f"></subfield>
  </datafield>
  <datafield tag="952" ind1=" " ind2=" ">
    <subfield code="0">0</subfield>
    <subfield code="1">0</subfield>
    <subfield code="2">ddc</subfield>
    <subfield code="4">0</subfield>
    <subfield code="7">0</subfield>
    <subfield code="a">BFM</subfield>
    <subfield code="b">BFM</subfield>
    <subfield code="c">CR</subfield>
    <subfield code="d">2024-02-20</subfield>
    <subfield code="e">Donaci&#xF3;n Laboratorio Montpellier Octubre 2022</subfield>
    <subfield code="l">0</subfield>
    <subfield code="o">616.89</subfield>
    <subfield code="p">4799</subfield>
    <subfield code="r">2024-02-20</subfield>
    <subfield code="t">Ej. 5</subfield>
    <subfield code="w">2024-02-20</subfield>
    <subfield code="y">BK</subfield>
    <subfield code="z">Donaci&#xF3;n Laboratorio Montpellier Octubre 2022</subfield>
    <subfield code="f"></subfield>
  </datafield>
  <datafield tag="952" ind1=" " ind2=" ">
    <subfield code="0">0</subfield>
    <subfield code="1">0</subfield>
    <subfield code="2">ddc</subfield>
    <subfield code="4">0</subfield>
    <subfield code="7">0</subfield>
    <subfield code="a">BFM</subfield>
    <subfield code="b">BFM</subfield>
    <subfield code="c">CR</subfield>
    <subfield code="d">2024-02-20</subfield>
    <subfield code="e">Donaci&#xF3;n Laboratorio Montpellier Octubre 2022</subfield>
    <subfield code="l">0</subfield>
    <subfield code="o">616.89</subfield>
    <subfield code="p">4800</subfield>
    <subfield code="r">2024-02-20</subfield>
    <subfield code="t">Ej. 6</subfield>
    <subfield code="w">2024-02-20</subfield>
    <subfield code="y">BK</subfield>
    <subfield code="z">Donaci&#xF3;n Laboratorio Montpellier Octubre 2022</subfield>
    <subfield code="f"></subfield>
  </datafield>
</record>
